000 00549nam a2200193Ii 4500
003 JO-AjNU
008 230606s9999||||xx |||||||||||||| ||und||
020 _a81-7808-487-2
040 _aJO-AjNU
_beng
_erda
_cJO-AjNU
041 _aeng
050 1 4 _aQA267.L49.1998
100 3 _aLewis,Harry,
_eauthor
_9266
245 0 0 _aElements of the Theory of Computation
300 _a360p
336 _atext
_btxt
_2rdacontent
337 _aunmediated
_bn
_2rdamedia
338 _avolume
_bnc
_2rdacarrier
650 4 _a Machine theory. Formal languages.
_9267
999 _aE139
_c139
_d139